000 00586nam a2200157 i 4500
001 79690
003 ES-MaACL
007 t|
008 041022s1984 sp ||||1| spa d
100 1 _aHernando Rábanos, José María.
_963113
245 1 0 _aSistemas de transmisión por fibra óptica /
_cJosé María Hernando Rábanos, Miguel Pérez Guerrero.
260 _aMadrid :
_bCátedra de Sistemas de Telecomunicación, E.T.S. Ingenieros de Telecomunicación,
_c[1984]
300 _aIV, 193 p. ;
_c29 cm.
700 1 _aPérez Guerrero, Miguel.
_990925
852 _aES-MaACL
_jL-7241
_bR.107725
999 _c79690
_d79690